Score 0/20 Timer 04:00
0 Plays Today
Team Stadium % Correct
ArsenalEmirates Stadium
96.2%
LiverpoolAnfield
93.4%
ChelseaStamford Bridge
92.9%
Manchester UnitedOld Trafford
90.1%
Aston VillaVilla Park
88.5%
EvertonGoodison Park
82.1%
FulhamCraven Cottage
81.4%
Tottenham HotspurWhite Hart Lane
78.6%
SunderlandStadium of Light
74.5%
BurnleyTurf Moor
65.8%
Team Stadium % Correct
West Ham UnitedUpton Park
63%
Bolton WanderersReebok Stadium
59.2%
Manchester CityCity of Manchester Stadium
58.2%
Blackburn RoversEwood Park
56.6%
Birmingham CitySt. Andrews Stadium
51.3%
Wolverhampton WanderersMolineux
48.7%
Wigan AthleticDW Stadium
48.5%
PortsmouthFratton Park
45.4%
Stoke CityBritannia Stadium
42.6%
Hull CityKingston Communications Stadium
40.3%
Remove Ads.
Support Sporcle.
Get the best of Sporcle when you Go Orange. This ad-free experience offers more features, more stats, and more fun while also helping to support Sporcle. Thank you for becoming a member.

You're not logged in!

Compare scores with friends on all Sporcle quizzes.
OR
Log In

Show Comments

Extras

Top Quizzes Today


Score Distribution

Your Account Isn't Verified!

In order to create a playlist on Sporcle, you need to verify the email address you used during registration. Go to your Sporcle Settings to finish the process.

Report this User

Report this user for behavior that violates our Community Guidelines.

Details: